00486nam a2200121 a 4500008004100000050001900041100001800060245013800078260009600216350000900312650002500321650001800346110818s1991 ||||||||||||||||| || u aTHESIS/STUDENT aTonga Stanley10aRisks and uncertainties in property development: an appraisal of the Zambia National Provident Fund Housing project, riverside, Kitwe aKitwebCopperbelt University, School of Built Environment, Department of Land Economyc1991 a0.00 aPROPERTY DEVELOPMENT aREAL PROPERTY